Africa in focus : a physical, human and economic geography

Αποθηκεύτηκε σε:
Λεπτομέρειες βιβλιογραφικής εγγραφής
Κύριος συγγραφέας: White, Richard 1947-
Μορφή: Βιβλίο
Γλώσσα:English
Δημοσίευση: London : Macmillan, 1998
Έκδοση:Rev. ed.
Θέματα:
Ετικέτες: Προσθήκη ετικέτας
Δεν υπάρχουν, Καταχωρήστε ετικέτα πρώτοι!

MARC

LEADER 00000nam a2200000 i 4500
001 1/1814
008 000201s1998 eng d
020 |a 0-333-59866-0 
035 |l 10060165 
040 |a GR-MY-UA  |b gre  |e aacr 
041 0 |a eng 
082 0 |a 916 
100 1 |a White, Richard  |d 1947- 
245 1 0 |a Africa in focus :  |b a physical, human and economic geography /  |c Richard White 
250 |a Rev. ed. 
260 |a London :   |b Macmillan,   |c 1998 
300 |a iv, 348 σ.;  |b εικ., χάρτες;  |c 25 εκ. 
504 |a Περιέχει ευρετήριο 
651 0 |a Africa  |x Geography. 
852 |a INST  |b LESVOS  |e 20000201  |h 916 WHI  |p 005100021377  |q 005100021377  |t BK  |y 0 
901 |a BIBL1-2000-2 
909 |a Λ  |b 070335 
922 |a 1ΕΛΗ  |b 199911  |c ΚΠΣ/ΤΓ  |d LEADER 
950 |a 118-1999-09-03 
970 |z 2000/04/ΠΑΝΤΖΑΛΗ ΣΟΦΙΑ